| 000 | 00473nam a2200181Ia 4500 | ||
|---|---|---|---|
| 008 | 221030s9999 xx 000 0 und d | ||
| 020 | _a8172245327 | ||
| 041 | _aEnglish | ||
| 082 |
_a105.23 _bZie |
||
| 100 | _aR. E. Ziemer | ||
| 245 | 0 |
_aPricniples of Communication Systems, Modulation & Noise _cby R. E. Ziemer, W. H. Tranter |
|
| 250 | _a3rd | ||
| 260 |
_bJaico Pub House _aMumbai _c2001 |
||
| 300 | _a812 | ||
| 650 | _aECE | ||
| 700 | _aW. H. Tranter | ||
| 942 | _cBK | ||
| 999 |
_c7792 _d7792 |
||